| 000 | 00406nam a22001457u 4500 | ||
|---|---|---|---|
| 008 | 130405s1968 xxu||||| |||| 00| 0 spa d | ||
| 041 | _aspa | ||
| 100 | 1 |
_aChirat, Henri _919557 |
|
| 245 | 0 | 0 |
_aLa asamblea cristiana en tiempo de los apóstoles _cHenri Chirat |
| 260 |
_aMadrid: _bStudium, _c1968 |
||
| 300 |
_a229 p. _c;18 cm. |
||
| 650 | 0 | 4 |
_aLiturgia _yÉpoca primitiva _915693 |
| 942 | _cBK | ||
| 001 | 16796 | ||
| 999 |
_c255843 _d255843 |
||